书目信息 |
| 题名: |
系统科学导论
|
|
| 作者: | 颜泽贤 , 范冬萍 , 张华夏 著 | |
| 分册: | ||
| 出版信息: | 北京 人民出版社 2006.09 |
|
| 页数: | 488页 | |
| 开本: | 24cm | |
| 丛书名: | 系统科学与系统管理丛书 | |
| 单 册: | ||
| 中图分类: | N94 | |
| 科图分类: | ||
| 主题词: | 系统科学--xi tong ke xue | |
| 电子资源: | ||
| ISBN: | 7-01-005691-9 | |
| 000 | 01182nam 2200301 450 | |
| 001 | 012007212490 | |
| 005 | 20071106102141.89 | |
| 010 | @a7-01-005691-9@dCNY49.00 | |
| 100 | @a20070924d2006 km y0chiy0120 ea | |
| 101 | 0 | @achi |
| 102 | @aCN@b110000 | |
| 105 | @aac z 000yy | |
| 106 | @ar | |
| 200 | 1 | @a系统科学导论@Axi tong ke xue dao lun@d= An introduction to systems science@e复杂性探索@f颜泽贤, 范冬萍, 张华夏著@Fyan ze xian,fan dong ping,zhang hua xia zhu@zeng |
| 210 | @a北京@c人民出版社@d2006.09 | |
| 215 | @a488页@c图, 肖像@d24cm | |
| 225 | 2 | @a系统科学与系统管理丛书@Axi tong ke xue yu xi tong guan li cong shu |
| 330 | @a本书由导论、一般系统论、复杂系统总论、复杂系统分论、复杂系统管理论五大部分。具体内容涉及系统运动、系统概念、系统思想、系统方法、系统复杂性等方面。 | |
| 410 | 0 | @12001 @a系统科学与系统管理丛书 |
| 510 | 1 | @aIntroduction to systems science@zeng |
| 517 | 1 | @a复杂性探索@Afu za xing tan suo |
| 606 | 0 | @a系统科学@Axi tong ke xue |
| 690 | @aN94@v4 | |
| 701 | 0 | @a颜泽贤@Ayan ze xian@4著 |
| 701 | 0 | @a范冬萍@Afan dong ping@4著 |
| 701 | 0 | @a张华夏@Azhang hua xia@4著 |
| 801 | 0 | @aCN@b@c20071106 |
| 905 | @b262911-13@dN94@eY111@f3 | |
| 系统科学导论= An introduction to systems science:复杂性探索/颜泽贤, 范冬萍, 张华夏著.-北京:人民出版社,2006.09 |
| 488页:图, 肖像;24cm.-(系统科学与系统管理丛书) |
| ISBN 7-01-005691-9:CNY49.00 |
| 本书由导论、一般系统论、复杂系统总论、复杂系统分论、复杂系统管理论五大部分。具体内容涉及系统运动、系统概念、系统思想、系统方法、系统复杂性等方面。 |
| ● |
| 相关链接 |
|
|
|
正题名:系统科学导论
索取号:N94/Y111
 
预约/预借
| 序号 | 登录号 | 条形码 | 馆藏地/架位号 | 状态 | 备注 |
| 1 | 262911 | 202629110 | 自科库401/401自科库 142排1列6层/ [索取号:N94/Y111] | 在馆 | |
| 2 | 262912 | 202629129 | 期刊室512/401自科库 142排1列4层/ [索取号:N94/Y111] | 在馆 | |
| 3 | 262913 | 202629138 | 期刊室512/401自科库 142排1列4层/ [索取号:N94/Y111] | 在馆 |